00649 2200241 4500001002100000005001700021008004100038035002400079090001800103100001600121245009200137250001100229260003100240300002300271650002200294850001500316980001500331985000600346986001000352999001500362999001500377999001500392YOGYA-0209000003164320090227024615.0 ind  0010-020900000031643 a342bAfa KlT aAfandi, Ali aKedudukan dan pengaruh hukum asing dalam pembinaanbtata hukum di IndonesiacAli Afandi aCet. 1 aJakartabBina Aksarac1985 avii, 84 hlmc21 cm aHukum tata negara aYOPDYOG(B) a02-10-2006 a3 aMrref a97P0092953 a97P0092954 a97P0092955